[Event "IECC P email"]
[Site "IECC email"]
[Date "2002.11.28"]
[Round "?"]
[White "Grobler, David J"]
[Black "Caravera, Alejandro"]
[Result "0-1"]
[WhiteElo "2006"]
[BlackElo "1754"]
[PlyCount "36"]
[EventDate "2002.??.??"]
[EventType "tourn (corr)"]
[EventRounds "6"]
[SourceTitle "Corr 2008"]
[Source "ChessBase"]
[SourceDate "2008.06.24"]
[SourceVersion "1"]
[SourceVersionDate "2008.06.24"]
[SourceQuality "1"]

1. e4 e5 2. f4 exf4 3. Nf3 Nf6 4. e5 Nh5 5. d4 d5 6. Nc3 Nc6 7. Be2 g5 8. Nxg5 Qxg5 9. Bxh5 Qh4+ 10. Kf1 Be6 11. Bf3 f6 12. exf6 0-0-0 13. Qe2 Nxd4 14. Qe5 Nxf3 15. Qxe6+ Kb8 16. gxf3 Bc5 17. Qe2 Rhe8 18. Be3 Rxe3 0-1

[Event "IECC P email"]
[Site "IECC email"]
[Date "1998.03.31"]
[Round "?"]
[White "Caravera, Alejandro"]
[Black "Crook, David"]
[Result "1/2-1/2"]
[WhiteElo "1800"]
[BlackElo "1821"]
[PlyCount "43"]
[EventDate "1998.??.??"]
[EventType "tourn (corr)"]
[EventRounds "6"]
[SourceTitle "Corr 2008"]
[Source "ChessBase"]
[SourceDate "2008.06.24"]
[SourceVersion "1"]
[SourceVersionDate "2008.06.24"]
[SourceQuality "1"]

1. e4 c5 2. Nf3 Nc6 3. d4 cxd4 4. Nxd4 Nf6 5. Nc3 e5 6. Ndb5 a6 7. Nd6+ Bxd6 8. Qxd6 Qe7 9. Qxe7+ Nxe7 10. Bd3 h6 11. 0-0 0-0 12. f4 Ng6 13. fxe5 Ng4 14. Nd5 N4xe5 15. Be3 b5 16. Bc5 d6 17. Bxd6 Rd8 18. Bc7 Rf8 19. a4 bxa4 20. Rxa4 Nxd3 21. cxd3 Bd7 22. Nb6 1/2-1/2